000 00763nam a2200217 4500
001 127726
003 ES-MaACL
007 t|
008 070214s1985 sp r ||||1| spa d
020 _a84-206-2443-8
100 1 _aRingrose, David R.
_9186708
245 1 0 _aMadrid y la economía española
_b: 1560-1850 : ciudad, corte y país en el antiguo régimen /
_cDavid R. Ringrose ; versión española de Alfonso Crespo Arana, Angel Bahamonde.
260 _aMadrid :
_bAlianza,
_c1985.
300 _a495 p. ;
_c20 cm.
490 1 _aAlianza universidad ;
_v443
700 1 _aCrespo Arana, Alfonso.
_941536
700 1 _aBahamonde, Angel.
_924659
830 0 _aAlianza universidad ;
_v443
_9177276
852 _aES-MaACL
_jL-9881
_bR.111624
999 _c127726
_d127726